000
00395nam a2200133Ia 4500
008
100328s9999 xx 000 0 und d
082
_b
22907
100
_a
पटवर्धन वि.अ.-संक्षे.
245
_a
मध्यान्ह
260
_b
वि.अ.पटर्वान
630
_a
मध्यान्ह
730
_a
मध्यान्ह
942
_c
BOOK
999
_c
516721
_d
516718